Music Quiz

Random Music Quiz

Napalm Death Studio Albums Quiz Stats

 Plays Quiz not verified by Sporcle

Challenge
Share
Tweet
Embed
Score 0/15 Timer 05:00
0 Plays Today
Year Album % Correct
1987Scum
100%
1990Harmony Corruption
71.4%
1988From Enslavement to Obliteration
65.7%
1992Utopia Banished
60%
1996Diatribes
54.3%
2015Apex Predator - Easy Meat
54.3%
2000Enemy of the Music Business
51.4%
2012Utilitarian
51.4%
Year Album % Correct
1994Fear, Emptiness, Despair
45.7%
2009Time Waits for No Slave
45.7%
1998Words from the Exit Wound
40%
2006Smear Campaign
40%
2005The Code Is Red... Long Live the Code
37.1%
2002Order of the Leech
31.4%
1997Inside the Torn Apart
28.6%

You're not logged in!

Compare scores with friends on all Sporcle quizzes.
OR
Log In

You Might Also Like...

Show Comments

Extras

Top Quizzes Today


Score Distribution

Your Account Isn't Verified!

In order to create a playlist on Sporcle, you need to verify the email address you used during registration. Go to your Sporcle Settings to finish the process.

Report this User

Report this user for behavior that violates our Community Guidelines.

Details: